| 000 | 00674nam a22002057a 4500 | ||
|---|---|---|---|
| 999 |
_c9495 _d9495 |
||
| 003 | AR-CdUCM | ||
| 008 | 190328b ||||| |||| 00| 0 spa d | ||
| 040 |
_aMUNICIPALIDAD PROVINCIAL DEL CUSCO _cBIBLIOTECA MUNICIPAL DEL CUSCO |
||
| 082 |
_aC / 869.56 / _bB38V |
||
| 100 |
_aBevavente, Félix _925728 |
||
| 245 | _aVivir con mi muerte / | ||
| 260 |
_aArequipa : _bEdiciones "CODISA" , _c1966. |
||
| 300 |
_a4 páginas ; _c17.5 cm. |
||
| 500 | _aEl libro tiene un caracter muy artesanal que contiene Dedicatoria a Luis Nieto. | ||
| 650 |
_aFatalismo _925729 |
||
| 650 |
_aPoesia Peruana _9280 |
||
| 650 |
_aPoesia Arequipeña _924826 |
||
| 942 |
_2ddc _cLIBROS |
||
| 945 | _artm | ||